[Event "Challenge"]
[Site "http://www.queenalice.com/game.php?id=1329439"]
[Date "2014.12.20"]
[Round "-"]
[White "Riton"]
[Black "mascarade"]
[Result "0-1"]
[WhiteElo "1100"]
[BlackElo "1665"]

1. Nf3 d5 2. d4 Bg4 3. e3 Nc6 4. Be2 Qd7 5. O-O O-O-O 6. a3 Nf6 7. h3 Bxh3 8. c4
Bxg2 9. Kxg2 Qg4+ 10. Kh1 Qh3+ 0-1

[Event "Challenge"]
[Site "http://www.queenalice.com/game.php?id=1329442"]
[Date "2014.12.20"]
[Round "-"]
[White "vangogh"]
[Black "Riton"]
[Result "1-0"]
[WhiteElo "1609"]
[BlackElo "1100"]

1. e4 e6 2. e5 d5 3. d4 c5 4. c4 cxd4 5. Qxd4 Nc6 6. Qf4 dxc4 7. Bxc4 Qa5+ 8.
Bd2 Qxe5+ 9. Qxe5 Nxe5 10. Bb5+ Bd7 11. Bxd7+ 1-0

[Event "Challenge"]
[Site "http://www.queenalice.com/game.php?id=1329446"]
[Date "2014.12.20"]
[Round "-"]
[White "Riton"]
[Black "Danado"]
[Result "0-1"]
[WhiteElo "1100"]
[BlackElo "1709"]

1. Nf3 d5 2. d4 h6 3. h3 Nf6 4. a3 Nc6 5. Bf4 e6 6. e3 Bd6 7. Bxd6 Qxd6 8. c4
dxc4 9. Bxc4 O-O 10. O-O a6 11. Nc3 b5 12. Be2 Rd8 13. b4 Ne7 14. Rc1 c6 15. Bd3
a5 16. bxa5 Rxa5 0-1

[Event "Challenge"]
[Site "http://www.queenalice.com/game.php?id=1329452"]
[Date "2014.12.20"]
[Round "-"]
[White "Riton"]
[Black "Marcelo_Araujo"]
[Result "0-1"]
[WhiteElo "1100"]
[BlackElo "1780"]

1. Nf3 Nf6 2. d4 d5 3. h3 g6 4. a3 Bg7 5. Bf4 O-O 6. e3 Nc6 7. c4 dxc4 8. Bxc4
h6 9. O-O b6 10. Nc3 Bb7 11. Be2 e6 12. Rc1 Nd5 13. Nxd5 exd5 14. Bd3 Ne7 15.
Bxc7 Qd7 16. Bh2 Rac8 17. Qb3 Bc6 18. Qa2 Nf5 19. Be5 Bxe5 20. Nxe5 Qe6 21. Nxc6
Rxc6 22. Bb5 Rxc1 23. Rxc1 Ne7 24. Rc7 Rc8 25. Rxc8+ Qxc8 0-1

[Event "Challenge"]
[Site "http://www.queenalice.com/game.php?id=1329455"]
[Date "2014.12.20"]
[Round "-"]
[White "charles31"]
[Black "Riton"]
[Result "1-0"]
[WhiteElo "1743"]
[BlackElo "1100"]

1. e4 e6 2. d4 d5 3. e5 c5 4. Bb5+ Bd7 5. Bxd7+ Qxd7 6. dxc5 Bxc5 7. Nf3 Nc6 8.
a3 Nge7 9. Nc3 O-O 10. Qd3 Ng6 11. h4 Qc7 12. Nb5 Qb8 13. Be3 Ncxe5 14. Nxe5
Bxe3 15. Nxg6 Bxf2+ 16. Kxf2 hxg6 17. Qe3 a6 18. Nd4 Qa7 19. c3 Rac8 20. h5 gxh5
21. Rxh5 f5 22. Qxe6+ 1-0

[Event "Challenge"]
[Site "http://www.queenalice.com/game.php?id=1329456"]
[Date "2014.12.20"]
[Round "-"]
[White "Riton"]
[Black "JORAM2205"]
[Result "0-1"]
[WhiteElo "1100"]
[BlackElo "1759"]

1. Nf3 Nc6 2. c4 Nf6 3. Nc3 d6 4. e4 e5 5. d3 h6 6. Be2 Be6 7. a3 Be7 8. O-O O-O
9. Ne1 Nd4 10. f4 Nxe2+ 11. Nxe2 c5 0-1

[Event "Challenge"]
[Site "http://www.queenalice.com/game.php?id=1329463"]
[Date "2014.12.20"]
[Round "-"]
[White "Riton"]
[Black "joseluisgrilo"]
[Result "1-0"]
[WhiteElo "1100"]
[BlackElo "1784"]

1. Nf3 d5 2. d4 h6 3. h3 Nf6 4. Bf4 e6 5. a3 Bd6 6. Bxd6 Qxd6 7. e3 O-O 8. c4 b6
9. cxd5 exd5 10. Nc3 Bb7 11. Be2 c5 12. O-O c4 13. a4 a6 14. b3 Qb4 15. Na2 Qd6
16. bxc4 dxc4 17. Bxc4 a5 18. Be2 Ba6 19. Bxa6 Nxa6 20. Nc3 Rfe8 21. Nb5 Qe6 22.
Rc1 Rac8 23. Rxc8 Rxc8 24. Qa1 Nd7 25. Rc1 Rc6 26. Ne5 Rxc1+ 27. Qxc1 Kh7 28.
Qc2+ g6 29. Nd3 h5 30. Nc7 Nxc7 31. Qxc7 f6 32. Nf4 Qf5 33. f3 Kh6 34. e4 Qg5
35. Ne6 1-0

[Event "Challenge"]
[Site "http://www.queenalice.com/game.php?id=1329546"]
[Date "2014.12.21"]
[Round "-"]
[White "Riton"]
[Black "rocha"]
[Result "0-1"]
[WhiteElo "1100"]
[BlackElo "1522"]

1. Nf3 f6 2. d4 d5 3. h3 h6 4. Bf4 Nd7 5. e3 Nb6 6. a3 Na4 7. c4 Nxb2 8. Qc2
Nxc4 9. Bxc4 dxc4 10. Qxc4 c6 11. O-O Bd7 12. Nc3 Qc8 13. Rfc1 Be6 14. Qf1 Qd8
15. e4 g5 16. Be3 Qd7 17. d5 cxd5 18. exd5 Bxh3 0-1

[Event "Challenge"]
[Site "http://www.queenalice.com/game.php?id=1329547"]
[Date "2014.12.21"]
[Round "-"]
[White "joshaKarpio"]
[Black "Riton"]
[Result "1-0"]
[WhiteElo "1552"]
[BlackElo "1100"]

1. Nf3 Nf6 2. Nc3 d5 3. h3 c5 4. d4 cxd4 5. Nxd4 e6 6. a3 a6 7. g4 h6 8. Bf4 Bd7
9. Qd3 Be7 10. f3 Nc6 11. e4 dxe4 12. fxe4 Nxd4 13. Qxd4 Bc6 14. Qe3 1-0

[Event "Challenge"]
[Site "http://www.queenalice.com/game.php?id=1329587"]
[Date "2014.12.21"]
[Round "-"]
[White "Riton"]
[Black "Paulsains"]
[Result "0-1"]
[WhiteElo "1100"]
[BlackElo "1878"]

1. Nf3 e6 2. d4 Nf6 3. a3 Be7 4. c4 O-O 5. Nc3 b6 6. Bg5 Bb7 7. e3 d5 8. cxd5
exd5 9. Be2 Nbd7 10. O-O h6 11. Bxf6 Nxf6 12. Rc1 c5 13. h3 cxd4 14. Nxd4 Bc5
15. Bf3 Ne4 16. b4 Bxd4 17. Qxd4 Nxc3 18. Rxc3 Qd6 19. Rfc1 Rab8 20. b5 a6 21.
a4 axb5 22. axb5 Rfd8 23. Rc7 Kh8 24. Bh5 f6 25. Qg4 g5 0-1